000
00298nam a22001337a 4500
008
180308b xxu||||| |||| 00| 0 eng d
020
_a
9780307473455
041
_a
eng
080
_a
336
100
_a
56
101
_a
FIN
245
_a
The origin of financial crises
_c
Cooper,G
942
_2
udc
_c
BK
999
_c
44486
_d
44486